000 00596nam a2200229Ia 4500
003 OSt
005 20220918213828.0
006 a|||||r|||| 00| 0
007 ta
008 220917b |||||||| |||| 00| 0 eng d
024 _a134,504
037 _cTextual
040 _aARTS
_cARTS
_beng
041 _2eng
_aeng
082 _aX8(D65,8(B)):91,73, L5
245 0 _aOccupations in electronic computing systems
260 _aUSA
_bNA
_c1965
300 _avi,72p.
_ccm.
650 _aECONOMICS
942 _hX8(D65,8(B)):91,73, L5
_cTEXL
_2CC
999 _c257605
_d257605